header

Development of mammalian absorptive processes (Record no. 78154)

MARC details
000 -LEADER
fixed length control field 01788nam a2200409 a 4500
082 04 - DEWEY DECIMAL CLASSIFICATION NUMBER
Classification number 599/.01/32
245 10 - TITLE STATEMENT
Title Development of mammalian absorptive processes
260 ## - PUBLICATION, DISTRIBUTION, ETC. (IMPRINT)
Place of publication Amsterdam ;
-- New York :
Name of publisher Excerpta Medica,
Year of publication 1979.
300 ## - PHYSICAL DESCRIPTION
Number of Pages xi, 338 p. :
Other physical details ill.
490 1# - SERIES STATEMENT
Series statement Ciba Foundation symposium (new series) ;
500 ## - GENERAL NOTE
General note "Symposium on Development of Mammalian Absorptive Processes, held at the Ciba Foundation, London, 16th-18th January 1979"--Participants page.
650 #0 - SUBJECT ADDED ENTRY--TOPICAL TERM
Topical Term Digestion
Topical Term Intestinal absorption
Topical Term Mammals
700 1# - ADDED ENTRY--PERSONAL NAME
Personal name Elliott, Katherine May.
Personal name Whelan, Julie.
856 40 - ELECTRONIC LOCATION AND ACCESS
Uniform Resource Identifier http://site.ebrary.com/lib/rucke/Doc?id=10575501

No items available.

© 2026 Rongo University
Contact us: librarian | system librarian | Rongo university